Statistiques concernant Circonscriptions électorales du Canada

Cliquez ici pour prendre le quiz!

Statistiques générales

  • Ce quiz a été pris 17 fois
  • Le résultat moyen est 12 sur 338

Statistiques - réponses

Circonscriptions % Correct
Gatineau
57%
Papineau
43%
Abitibi-Témiscamingue
43%
Abitibi-Baie James-Nunavik-Eeyou
43%
Yukon
29%
Hull-Aylmer
29%
Laval-Les Îles
29%
Halifax
29%
Trois-Rivières
29%
Argenteuil-La Petite-Nation
29%
Québec
29%
Pontiac
29%
Jonquière
29%
Territoires du Nord-Ouest
29%
Gaspésie-Îles-de-la-Madeleine
29%
Repentigny
14%
Hochelaga
14%
Saint-Jean
14%
Rivière-du-Nord
14%
Rosemont-La-Petite-Patrie
14%
Saint-Hyacinthe-Bagot
14%
Saint-Léonard-Saint-Michel
14%
Montcalm
14%
Dorval-Lachine-LaSalle
14%
St. John's-Est
14%
Chicoutimi-Le Fjord
14%
Terrebonne
14%
Honoré-Mercier
14%
Pierrefonds-Dollard
14%
Joliette
14%
Nunavut
14%
Moncton-Riverview-Dieppe
14%
Nanaimo-Ladysmith
14%
Mirabel
14%
Milton
14%
Marc-Aurèle-Fortin
14%
Manicouagan
14%
Notre-Dame-de-Grâce-Westmount
14%
Laurier-Sainte-Marie
14%
Thérèse-De Blainville
14%
Laurentides-Labelle
14%
Lac-Saint-Louis
14%
Lac-Saint-Jean
14%
LaSalle-Émard-Verdun
14%
La Prairie
14%
Outremont
14%
Oxford
14%
Pierre-Boucher-Les Patriotes-Verchères
14%
Calgary-Center
14%
Saint-Maurice-Champlain
14%
Mont-Royal
14%
Calgary Heritage
14%
Ville-Marie-Le Sud-Ouest-Île-des-Soeurs
14%
Vimy
14%
Bow River
14%
Bourassa
14%
Berthier-Maskinongé
14%
Beauport-Limoilou
14%
Beauce
14%
Battle River-Crowfoot
14%
Banff-Airdrie
14%
Calgary Confederation
14%
Calgary Forest Lawn
14%
Victoria
14%
Ahuntsic-Cartierville
14%
Alfred-Pellan
14%
Toronto-Danforth
14%
Pickering-Uxbridge
0%
Ottawa-Vanier
0%
Windsor-Ouest
0%
Nepean
0%
Willowdale
0%
Whitby
0%
Parkdale-High Park
0%
Parry Sound-Muskoka
0%
Peace River-Westlock
0%
Perth-Wellington
0%
Peterborough-Kawartha
0%
West Vancouver-Sunshine Coast- Sea to Sky Country
0%
New Westminster-Burnaby
0%
Wellington-Halton Hills
0%
Pitt Meadows-Maple Ridge
0%
Waterloo
0%
Mégantic-L'Érable
0%
Port Moody-Coquitlam
0%
Portage-Lisgar
0%
Moose Jaw-Lake Centre-Lanigan
0%
Montmagny-L'Islet-Kamouraska-Rivière-du-Loup
0%
Yorkton-Melville
0%
Portneuf-Jacques-Cartier
0%
Prince Albert
0%
Windsor-Tecumseh
0%
Ottawa-Sud
0%
Niagara-Centre
0%
Winnipeg-Sud-Centre
0%
York-Sud-Weston
0%
Niagara-Ouest
0%
Nickel Belt
0%
Nipissing-Timiskaming
0%
York-Simcoe
0%
York-Centre
0%
Yellowhead
0%
North Island-Powell River
0%
North Okanagan-Shuswap
0%
North Vancouver
0%
Northumberland-Peterborough-Sud
0%
Nouveau-Brunswick-Sud-Ouest
0%
Ottawa-Ouest-Nepean
0%
Nova-Ouest
0%
Winnipeg-Sud
0%
Oakville
0%
Oakville-Nord-Burlington
0%
Okanagan-Sud-Kootenay-Ouest
0%
Niagara Falls
0%
Prince George-Peace River-Northern Rockies
0%
Newmarket-Aurora
0%
Winnipeg-Nord
0%
Winnipeg-Centre
0%
Oshawa
0%
Ottawa-Centre
0%
Orléans
0%
Timmins-Baie James
0%
Provencher
0%
South Shore-St. Margarets
0%
Scarborough-Nord
0%
Scarborough-Rouge Park
0%
Scarborough-Sud-Ouest
0%
Selkirk-Interlake-Eastman
0%
Sentier Carlton-Eagle Creek
0%
Shefford
0%
Sherbrooke
0%
Sherwood Park-Fort Saskatchewan
0%
Sidney-Victoria
0%
Simcoe-Grey
0%
Simcoe-Nord
0%
Skeena-Bulkley Valley
0%
Souris-Moose Mountain
0%
Spadina-Fort York
0%
Scarborough-Centre
0%
St. Albert-Edmonton
0%
St. Catharines
0%
St. John's-Sud-Mount Pearl
0%
Steveston-Richmond-Est
0%
Stormont-Dundas-South Glengarry
0%
Sturgeon River-Parkland
0%
Sudbury
0%
Surrey-Centre
0%
Surrey-Newton
0%
Surrey-Sud-White Rock
0%
Toronto-Centre
0%
Thornhill
0%
Thunder Bay-Rainy River
0%
Tobique-Mactaquac
0%
Scarborough-Guildwood
0%
Scarborough-Agincourt
0%
Thunder Bay-Superior-Nord
0%
Vancouver-Centre
0%
Vaughan-Woodbridge
0%
Red Deer-Mountain View
0%
Regina-Lewvan
0%
Regina-Qu'Appelle
0%
Regina-Wascana
0%
Renfrew-Nipissing-Pembroke
0%
Vaudreuil-Soulanges
0%
Vancouver-Sud
0%
Vancouver-Est
0%
Richmond Hill
0%
Richmond-Arthabaska
0%
Richmond-Centre
0%
Rimouski-Neigette-Témiscouata-Les Basques
0%
Rivière-des-Mille-Îles
0%
Vancouver Quadra
0%
Sault Ste. Marie
0%
Saanich-Gulf Islands
0%
Sackville-Preston-Chezzetcook
0%
Saint-Boniface-Saint-Vital
0%
Vancouver Kingsway
0%
Vancouver Granville
0%
Saint-John-Rothesay
0%
Saint-Laurent
0%
University-Rosedale
0%
Toronto-St. Paul's
0%
Salaberry-Suroît
0%
Sarnia-Lambton
0%
Saskatoon-Grasswood
0%
Saskatoon-Ouest
0%
Saskatoon-University
0%
Red Deer-Lacombe
0%
Abbotsford
0%
Montarville
0%
Charlottetown
0%
Coast of Bays-Central-Notre Dame
0%
Cloverdale-Langley City
0%
Châteauguay-Lacolle
0%
Churchill-Keewatinook Aski
0%
Chilliwack-Hope
0%
Chatham-Kent-Leamington
0%
Charleswood-St. James-Assiniboia-Headingley
0%
Coquitlam-Port Coquitlam
0%
Charlesbourg-Haute-Saint-Charles
0%
Central Okanagan-Similkameen-Nicola
0%
Central Nova
0%
Carleton
0%
Cariboo-Prince George
0%
Cardigan
0%
Compton-Stanstead
0%
Courtenay-Alberni
0%
Cambridge
0%
Don Valley-Nord
0%
Edmonton Manning
0%
Edmonton Griesbach
0%
Durham
0%
Dufferin-Caledon
0%
Drummond
0%
Don Valley-Ouest
0%
Don Valley-Est
0%
Cowichan-Mlahat-Langford
0%
Desnethé-Missinippi-Rivière Churchill
0%
Delta
0%
Davenport
0%
Dauphin-Swan River-Neepawa
0%
Dartmouth-Cole Harbour
0%
Cypress Hills-Grasslands
0%
Cumberland-Colchester
0%
Cape Breton-Canso
0%
Calgary Skyview
0%
Edmonton Riverbend
0%
Barrie-Springwater-Oro-Medonte
0%
Beloeil-Chambly
0%
Bellechasse-Les Etchemins-Lévis
0%
Beauséjour
0%
Beauport-Côte-de-Beaupré-Île d'Orléans-Charlevoix
0%
Beaches-East York
0%
Battlefords-Lloydminster
0%
Barrie-Innisfil
0%
Brampton-Centre
0%
Baie de Quinte
0%
Avignon-La Mitis-Matane-Matapédia
0%
Avalon
0%
Aurora-Oak Ridges-Richmond Hill
0%
Algoma-Manitoulin-Kapuskasing
0%
Ajax
0%
Acadie-Bathurst
0%
Bonavista-Burin-Trinity
0%
Brampton-Est
0%
Calgary Signal Hill
0%
Burnaby-Nord-Seymour
0%
Calgary Shepard
0%
Calgary Rocky Ridge
0%
Calgary Nose Hill
0%
Calgary Midnapore
0%
Bécancour-Nicolet-Saurel
0%
Burnaby-Sud
0%
Burlington
0%
Brampton-Nord
0%
Bruce-Grey-Owen Sound
0%
Brossard-Saint-Lambert
0%
Brome-Missisquoi
0%
Brantford-Brant
0%
Brandon-Souris
0%
Brampton-Sud
0%
Brampton-Ouest
0%
Edmonton Mill Woods
0%
Edmonton Strathcona
0%
Mississauga-Streetsville
0%
Lambton-Kent-Middlesex
0%
London-Fanshawe
0%
London-Centre-Nord
0%
Lethbridge
0%
Leeds-Grenville-Thousand Islands et Rideau Lakes
0%
Langley-Aldergrove
0%
Lanark-Frontenac-Kingston
0%
Lakeland
0%
Long Range Mountains
0%
Labrador
0%
La Pointe-de-l'Île
0%
Kootenay-Columbia
0%
Kitchener-Sud-Hespeler
0%
Kitchener-Conestoga
0%
Kitchener-Centre
0%
London-Ouest
0%
Longueuil-Charles-LeMoyne
0%
Kings-Hants
0%
Miramichi-Grand Lake
0%
Mississauga-Malton
0%
Mississauga-Lakeshore
0%
Mississauga-Est-Cooksville
0%
Mississauga-Erin Mills
0%
Mississauga-Centre
0%
Mission-Matsqui-Fraser Canyon
0%
Medicine Hat-Cardston-Warner
0%
Longueuil-Saint-Hubert
0%
Markham-Unionville
0%
Markham-Thornhill
0%
Markham-Stouffville
0%
Madawaska-Restigouche
0%
Lévis-Lotbinière
0%
Louis-Saint-Laurent
0%
Louis-Hébert
0%
Kingston et les îles
0%
King-Vaughan
0%
Edmonton-Centre
0%
Etobicoke-Centre
0%
Fort McMurray-Cold Lake
0%
Foothills
0%
Fleetwood-Port Kells
0%
Flamborough-Glanbrook
0%
Etobicoke-Nord
0%
Etobicoke-Lakeshore
0%
Essex
0%
Fundy Royal
0%
Esquimalt-Saanich-Sooke
0%
Elmwood-Transcona
0%
Elgin-Middlesex-London
0%
Egmont
0%
Eglinton-Lawrence
0%
Edmonton-Wetaskiwin
0%
Edmonton-Ouest
0%
Fredericton
0%
Glengarry-Prescott-Russell
0%
Kildonan-St. Paul
0%
Hastings-Lennox and Addington
0%
Kenora
0%
Kelowna-Lake Country
0%
Kanata-Carleton
0%
Kamloops-Thompson-Cariboo
0%
Huron-Bruce
0%
Humber River-Black Creek
0%
Hamilton-Ouest-Ancaster-Dundas
0%
Grande Prairie-Mackenzie
0%
Hamilton-Est-Stoney Creek
0%
Hamilton-Centre
0%
Hamilton Mountain
0%
Halifax-Ouest
0%
Haliburton-Kawartha Lakes-Brock
0%
Haldimand-Norfolk
0%
Guelph
0%
Malpeque
0%

Distribution des résultats

Percentile by Number Answered

% des personnes avec chaque résultat

Votre développement - résultats

Vous n’avez pas pris ce quiz